Detalles MARC
| 000 -CABECERA |
| campo de control de longitud fija |
01184nam a2200229 a 4500 |
| 001 - NÚMERO DE CONTROL |
| campo de control |
000035565 |
| 005 - FECHA Y HORA DE LA ÚLTIMA TRANSACCIÓN |
| campo de control |
20240412074258.0 |
| 008 - DATOS DE LONGITUD FIJA--INFORMACIÓN GENERAL |
| campo de control de longitud fija |
111103s2005 dr 000 j spa d |
| 020 ## - NÚMERO INTERNACIONAL ESTÁNDAR DEL LIBRO |
| Número Internacional Estándar del Libro |
9993491233 |
| 040 ## - FUENTE DE LA CATALOGACIÓN |
| Centro catalogador/agencia de origen |
DO-SdBNP |
| Lengua de catalogación |
spa |
| Centro/agencia transcriptor |
BNPHU |
| 082 ## - NÚMERO DE LA CLASIFICACIÓN DECIMAL DEWEY |
| Número de clasificación |
RD863.44 |
| Número de documento/Ítem |
P925d |
| 111 2# - ENTRADA PRINCIPAL--NOMBRE DE CONGRESO/REUNIÓN |
| Nombre de congreso/reunión o jurisdicción como elemento de entrada |
Premio Internacional de Cuento Casa de Teatro : |
| Fecha del congreso/reunión |
2004) |
| 9 (RLIN) |
61466 |
| 245 10 - MENCIÓN DE TÍTULO |
| Título |
Deportivas parte atrás / |
| Mención de responsabilidad, etc. |
Miguel A. Yarull S. |
| 260 ## - PUBLICACIÓN, DISTRIBUCIÓN, ETC. |
| Lugar de publicación, distribución, etc. |
Santo Domingo : |
| Nombre del editor, distribuidor, etc. |
Casa de teatro, |
| Fecha de publicación, distribución, etc. |
2005. |
| 300 ## - DESCRIPCIÓN FÍSICA |
| Extensión |
73 p. ; |
| Dimensiones |
21 cm. |
| 505 0# - NOTA DE CONTENIDO CON FORMATO |
| Nota de contenido con formato |
La sangre de Philippe / |
| Mención de responsabilidad |
Rey Enmanuel Andújar -- |
| Título |
Hijo de su globalizada madre patria / |
| Mención de responsabilidad |
Juan Carlos García -- |
| Título |
Todo hombre es como la luna llena / |
| Mención de responsabilidad |
Pedro Bermúdez Solís -- |
| Título |
Las moscas en el cristal / |
| Mención de responsabilidad |
Abdala Mergen -- |
| Título |
El plan B / |
| Mención de responsabilidad |
Félix M. Hiriyo Pimentel -- |
| Título |
Desde la calle / |
| Mención de responsabilidad |
Clara del Carmen Guillén -- |
| Título |
El ritual de María / |
| Mención de responsabilidad |
Patricia Romano |
| Título |
Rosas en la avenida / |
| Mención de responsabilidad |
José Acosta -- |
| Título |
El diario de la eterna espera |
| Mención de responsabilidad |
Simón E. de Castro |
| 586 ## - NOTA DE PREMIOS |
| Nota de premios |
Premio internacional de cuento Casa de Teatro 2004 |
| 590 ## - NOTA LOCAL (RLIN) |
| Nota local |
Inventariado, 2019/BT |
| 650 #0 - PUNTO DE ACCESO ADICIONAL DE MATERIA--TÉRMINO DE MATERIA |
| Término de materia o nombre geográfico como elemento de entrada |
Cuentos dominicanos |
| 9 (RLIN) |
176 |
| 650 #0 - PUNTO DE ACCESO ADICIONAL DE MATERIA--TÉRMINO DE MATERIA |
| Término de materia o nombre geográfico como elemento de entrada |
Literatura dominicana. |
| 9 (RLIN) |
67 |
| 910 ## - DATOS DE OPCIÓN DEL USUARIO (OCLC) |
| Datos de opción del usuario |
Validado. Control de calidad MFF |